Malaysian tax law & principles / (Record no. 193055)

MARC details
000 -LEADER
fixed length control field 01107nam a2200313 i 4500
003 - CONTROL NUMBER IDENTIFIER
control field PNM
005 - DATE AND TIME OF LATEST TRANSACTION
control field 20260109122700.0
008 - FIXED-LENGTH DATA ELEMENTS--GENERAL INFORMATION
fixed length control field 250117t20242014my g 000 0 eng
020 ## - INTERNATIONAL STANDARD BOOK NUMBER
International Standard Book Number 9786297669571
Qualifying information paperback
040 ## - CATALOGING SOURCE
Original cataloging agency BNM
Language of cataloging eng
Transcribing agency BNM
Description conventions rda
Modifying agency COO
043 ## - GEOGRAPHIC AREA CODE
Geographic area code a-my---
082 04 - DEWEY DECIMAL CLASSIFICATION NUMBER
Classification number 343.59504
Item number NAB 2024
099 ## - LOCAL FREE-TEXT CALL NUMBER (OCLC)
Classification number MALAYSIANA
Feature heading 343.59504
100 1# - MAIN ENTRY--PERSONAL NAME
Personal name Naban, D. P.,
Relator term author.
9 (RLIN) 74894
245 10 - TITLE STATEMENT
Title Malaysian tax law & principles /
Statement of responsibility, etc. D.P. Naban, S. Saravana Kumar, Nur Amira binti Ahmad Azhar.
246 3# - VARYING FORM OF TITLE
Title proper/short title Malaysian tax law and principles
264 #1 - PRODUCTION, PUBLICATION, DISTRIBUTION, MANUFACTURE, AND COPYRIGHT NOTICE
Place of production, publication, distribution, manufacture Kuala Lumpur :
Name of producer, publisher, distributor, manufacturer LexiNexis Malaysia Sdn Bhd,
Date of production, publication, distribution, manufacture, or copyright notice [2024]
264 #4 - PRODUCTION, PUBLICATION, DISTRIBUTION, MANUFACTURE, AND COPYRIGHT NOTICE
Date of production, publication, distribution, manufacture, or copyright notice ©2024
300 ## - PHYSICAL DESCRIPTION
Extent lxii, 386 pages ;
Dimensions 25 cm
336 ## - CONTENT TYPE
Content type term text
Source rdacontent
337 ## - MEDIA TYPE
Media type term unmediated
Source rdamedia
338 ## - CARRIER TYPE
Carrier type term volume
Source rdacarrier
504 ## - BIBLIOGRAPHY, ETC. NOTE
Bibliography, etc. note Includes bibliographical references and index.
650 #0 - SUBJECT ADDED ENTRY--TOPICAL TERM
Topical term or geographic name entry element Taxation
General subdivision Law and legislation
Geographic subdivision Malaysia.
9 (RLIN) 8327
650 #0 - SUBJECT ADDED ENTRY--TOPICAL TERM
Topical term or geographic name entry element Income tax
General subdivision Law and Legislation
Geographic subdivision Malaysia.
9 (RLIN) 31493
700 1# - ADDED ENTRY--PERSONAL NAME
Personal name Kumar, S. Saravana,
Relator term author.
9 (RLIN) 74895
700 0# - ADDED ENTRY--PERSONAL NAME
Personal name Nur Amira Ahmad Azhar,
Relator term author.
9 (RLIN) 308881
920 ## - Programme
Programme SOAF : 339759
Holdings
Withdrawn status Lost status Source of classification or shelving scheme Damaged status Not for loan Home library Current library Date acquired Source of acquisition Cost, normal purchase price Inventory number Total Checkouts Barcode Date last seen Cost, replacement price Price effective from Koha item type Public note
    Dewey Decimal Classification     Taylor's Library-TU Taylor's Library-TU 21/11/2025 123 342.00 TU700001876   5000175731 21/11/2025 342.00 21/11/2025 Main Collection SOAFx,13610,03,RA,MAL